Central Library OPAC University of Rajshahi

Studies on chemical structure and reactivity : (Record no. 10292)

MARC details
000 -LEADER
fixed length control field 00805cam a22002651 4500
001 - CONTROL NUMBER
control field 10292
003 - CONTROL NUMBER IDENTIFIER
rucl marc code BD-RjUL
005 - DATE AND TIME OF LATEST TRANSACTION
control field 20211208234929.0
008 - FIXED-LENGTH DATA ELEMENTS--GENERAL INFORMATION
fixed length control field 140123s1966 enkacf b 011 0 eng
035 ## - SYSTEM CONTROL NUMBER
System control number (BD-RjUL)10340
040 ## - CATALOGING SOURCE
Original cataloging agency DLC/ICU
Transcribing agency ICU
Modifying agency BD-RjUL
Language of cataloging eng
041 ## - LANGUAGE CODE
Language code of text/sound track or separate title eng
082 00 - DEWEY DECIMAL CLASSIFICATION NUMBER
Classification number 541.08
Author mark and year STU 1966
100 ## - MAIN ENTRY--PERSONAL NAME
Fuller form of name (John Howard),
9 (RLIN) 7129
245 10 - TITLE STATEMENT
Title Studies on chemical structure and reactivity :
Remainder of title presented to Sir Christopher Ingold ;
Statement of responsibility, etc. edited by J.H. Ridd.
260 ## - PUBLICATION, DISTRIBUTION, ETC. (IMPRINT)
Place of publication, distribution, etc. London :
Name of publisher, distributor, etc. Methuen,
Date of publication, distribution, etc. 1966.
300 ## - PHYSICAL DESCRIPTION
Pagination viii, 290 p. :
Illustrations illus. ;
Size 24 cm.
504 ## - BIBLIOGRAPHY, ETC. NOTE
Bibliography, etc Includes index.
650 #0 - SUBJECT ADDED ENTRY--TOPICAL TERM
Topical term or geographic name as entry element Chemistry, Physical and theoretical.
9 (RLIN) 31792
Topical term or geographic name as entry element Reactivity (Chemistry)
9 (RLIN) 31793
700 1# - ADDED ENTRY--PERSONAL NAME
Personal name Ridd, J. H.
942 ## - ADDED ENTRY ELEMENTS (KOHA)
Source of classification or shelving scheme Dewey Decimal Classification
Koha item type Books
Holdings
Lost status Source of classification or shelving scheme Damaged status Not for loan Collection code Permanent Location Current Location Shelving location Date acquired Source of acquisition Cost, normal purchase price Total Checkouts Full call number Date last seen Copy number Koha item type
  Dewey Decimal Classification     Non-fiction Central Library, University of Rajshahi Central Library, University of Rajshahi   06/09/1973 Book centre 55.00   541.08 STU 1966 23/01/2014 C-2 Books